ბათუმის შოთა რუსთაველის სახელმწიფო უნივერსიტეტის ბიბლიოთეკა

ბიბლიოგრაფიული მომსახურების ორგანიზაცია ბიბლიოთეკებში (ბიბ.ჩანაწერი № 52804)

000 -LEADER
fixed length control field 00992nam a2200241Ia 4500
001 - CONTROL NUMBER
control field 19834
003 - CONTROL NUMBER IDENTIFIER
control field GE_BSU
008 - FIXED-LENGTH DATA ELEMENTS--GENERAL INFORMATION
fixed length control field 181216s||||||||xx |||||||||||||| ||und||
040 ## - CATALOGING SOURCE
Transcribing agency GE_BSU
080 ## - UNIVERSAL DECIMAL CLASSIFICATION NUMBER
Universal Decimal Classification number 01
100 ## - MAIN ENTRY--PERSONAL NAME
Personal name ბაქრაძე,გ.ი.
245 ## - TITLE STATEMENT
Title ბიბლიოგრაფიული მომსახურების ორგანიზაცია ბიბლიოთეკებში
245 ## - TITLE STATEMENT
Remainder of title მოკლე სახ-ლო საბიბლ.კურსები მსენელებისათვის
245 ## - TITLE STATEMENT
Statement of responsibility, etc. რედ. შ.ასათიანი
260 ## - PUBLICATION, DISTRIBUTION, ETC.
Place of publication, distribution, etc. თბილისი
260 ## - PUBLICATION, DISTRIBUTION, ETC.
Date of publication, distribution, etc. 1939
300 ## - PHYSICAL DESCRIPTION
Extent 54გვ.
653 ## - INDEX TERM--UNCONTROLLED
Uncontrolled term ბიბლიოგრაფიული მომსახურების ორგანიზაცია ბიბლიოთეკებში
653 ## - INDEX TERM--UNCONTROLLED
Uncontrolled term ბიბლიოთეკარი
653 ## - INDEX TERM--UNCONTROLLED
Uncontrolled term ქსეროქსი
942 ## - ADDED ENTRY ELEMENTS (KOHA)
Koha item type წიგნი
ეგზემპლარები
Withdrawn status Lost status Damaged status Not for loan Date acquired Barcode Date last seen Price effective from Koha item type Public note
        2018-12-17 00419 2018-12-17 2018-12-17 წიგნი ქსეროქსი